000 00290nam a22001337a 4500
008 170825b xxu||||| |||| 00| 0 eng d
020 _a9780395811030
041 _aeng
080 _a070
100 _a40
101 _aMED
245 _aORAL COMMUNICATION
_cKOZYREV.J.
942 _2udc
_cBK
999 _c25002
_d25002